Advances in nondestructive evaluation : Part 1 (Record no. 60463)
[ view plain ]
| 000 -LEADER | |
|---|---|
| fixed length control field | 01440cam a22003257a 4500 |
| 001 - CONTROL NUMBER | |
| control field | 13887088 |
| 003 - CONTROL NUMBER IDENTIFIER | |
| control field | NUST-PNEC |
| 005 - DATE AND TIME OF LATEST TRANSACTION | |
| control field | 20170116180658.0 |
| 008 - FIXED-LENGTH DATA ELEMENTS--GENERAL INFORMATION | |
| fixed length control field | 050302s2004 sz a b 101 0 eng d |
| 010 ## - LIBRARY OF CONGRESS CONTROL NUMBER | |
| LC control number | 2005271287 |
| 020 ## - INTERNATIONAL STANDARD BOOK NUMBER | |
| International Standard Book Number | 0878499482 (3vol. set) |
| 035 ## - SYSTEM CONTROL NUMBER | |
| System control number | (OCoLC)ocm56416806 |
| 040 ## - CATALOGING SOURCE | |
| Original cataloging agency | NBS |
| Transcribing agency | PNEC |
| Modifying agency | DLC |
| 042 ## - AUTHENTICATION CODE | |
| Authentication code | lccopycat |
| 050 00 - LIBRARY OF CONGRESS CALL NUMBER | |
| Classification number | TA401 |
| Item number | .M42 vol. 270-273 |
| Classification number | TA417.2 |
| 082 00 - DEWEY DECIMAL CLASSIFICATION NUMBER | |
| Classification number | 620.1127 LEE |
| 111 2# - MAIN ENTRY--MEETING NAME | |
| Meeting name or jurisdiction name as entry element | Asian Pacific Conference on Nondestructive Testing |
| Number of part/section/meeting | (11th : |
| Date of meeting | 2003 : |
| Location of meeting | Cheju-do, Korea) |
| 245 10 - TITLE STATEMENT | |
| Title | Advances in nondestructive evaluation : Part 1 |
| Statement of responsibility, etc. | edited by Seung-Seok Lee ... [et al.]. |
| 260 ## - PUBLICATION, DISTRIBUTION, ETC. | |
| Place of publication, distribution, etc. | Uetikon-Zuerich, Switzerland ; |
| -- | Enfield, NH : |
| Name of publisher, distributor, etc. | Trans Tech Publications, |
| Date of publication, distribution, etc. | c2004. |
| 300 ## - PHYSICAL DESCRIPTION | |
| Extent | 3 v. : |
| Other physical details | ill. ; |
| Dimensions | 25 cm. |
| 440 #0 - SERIES STATEMENT/ADDED ENTRY--TITLE | |
| Title | Key engineering materials ; |
| Volume/sequential designation | v. 270-273 |
| 500 ## - GENERAL NOTE | |
| General note | http://www.amazon.com/Advances-Nondestructive-Evaluation-Engineering-Materials/dp/0878499482/ref=sr_1_1?s=books&ie=UTF8&qid=1409992853&sr=1-1&keywords=0878499482 |
| 500 ## - GENERAL NOTE | |
| General note | "Papers selected for the eleventh Asian Pacific Conference on Nondestructive Testing (11th-APCNDT)"--Pref. |
| 504 ## - BIBLIOGRAPHY, ETC. NOTE | |
| Bibliography, etc. note | Includes bibliographical references and indexes. |
| 650 #0 - SUBJECT ADDED ENTRY--TOPICAL TERM | |
| Topical term or geographic name entry element | Nondestructive testing |
| Form subdivision | Congresses. |
| General subdivision | ME |
| 700 1# - ADDED ENTRY--PERSONAL NAME | |
| Personal name | Lee, Seung-Seok. |
| 906 ## - LOCAL DATA ELEMENT F, LDF (RLIN) | |
| a | 7 |
| b | cbc |
| c | copycat |
| d | 2 |
| e | ncip |
| f | 20 |
| g | y-gencatlg |
| 942 ## - ADDED ENTRY ELEMENTS (KOHA) | |
| Source of classification or shelving scheme | |
| Koha item type | Book |
| Withdrawn status | Lost status | Source of classification or shelving scheme | Damaged status | Not for loan | Permanent Location | Current Location | Date acquired | Source of acquisition | Cost, normal purchase price | Total Checkouts | Full call number | Barcode | Date last seen | Cost, replacement price | Price effective from | Koha item type |
|---|---|---|---|---|---|---|---|---|---|---|---|---|---|---|---|---|
| Pakistan Navy Engineering College (PNEC) | Pakistan Navy Engineering College (PNEC) | 08/29/2007 | Royal Book Company | 15188.00 | 620.1127 LEE | PNECLIB-028390 | 09/06/2014 | 15188.00 | 08/29/2007 | Book |
